The 6th grade nickname game / (Record no. 2766)

MARC details
000 -LEADER
fixed length control field 01072cam a2200313 a 4500
005 - DATE AND TIME OF LATEST TRANSACTION
control field 20260227100309.0
020 ## - INTERNATIONAL STANDARD BOOK NUMBER
International Standard Book Number 0786804327 (trade)
020 ## - INTERNATIONAL STANDARD BOOK NUMBER
International Standard Book Number 9780439095099
020 ## - INTERNATIONAL STANDARD BOOK NUMBER
International Standard Book Number 0786823828 (lib. ed.)
040 ## - CATALOGING SOURCE
Original cataloging agency DLC
Transcribing agency DLC
Modifying agency DLC
Language of cataloging eng
050 00 - LIBRARY OF CONGRESS CALL NUMBER
Classification number PZ7.K8369
Item number Si 1998
082 00 - DEWEY DECIMAL CLASSIFICATION NUMBER
Classification number 813.54
Edition number 21
100 1# - MAIN ENTRY--PERSONAL NAME
Personal name Korman, Gordon
245 14 - TITLE STATEMENT
Title The 6th grade nickname game /
Statement of responsibility, etc. Gordon Korman
246 3# - VARYING FORM OF TITLE
Title proper/short title Sixth grade nickname game
250 ## - EDITION STATEMENT
Edition statement First Scholastic printing, September 1999
260 ## - PUBLICATION, DISTRIBUTION, ETC.
Place of publication, distribution, etc. New York :
Name of publisher, distributor, etc. Scholastic,
Date of publication, distribution, etc. 1998
300 ## - PHYSICAL DESCRIPTION
Extent 154 pages ;
Dimensions 20 cm
505 ## - FORMATTED CONTENTS NOTE
Formatted contents note M
520 ## - SUMMARY, ETC.
Summary, etc. Eleven-year-old best friends Jeff and Wiley, who like to give nicknames to their classmates, try to find the right one for the new girl Cassandra, while adjusting to the football coach who has become their new teacher.
521 ## - TARGET AUDIENCE NOTE
Target audience note 640
Source Lexile
521 ## - TARGET AUDIENCE NOTE
Target audience note M
Source Raz-Plus
650 #1 - SUBJECT ADDED ENTRY--TOPICAL TERM
Topical term or geographic name entry element Nicknames
Form subdivision Fiction.
650 #1 - SUBJECT ADDED ENTRY--TOPICAL TERM
Topical term or geographic name entry element Schools
Form subdivision Fiction.
650 #1 - SUBJECT ADDED ENTRY--TOPICAL TERM
Topical term or geographic name entry element Humorous stories.
906 ## - LOCAL DATA ELEMENT F, LDF (RLIN)
a 7
b cbc
c orignew
d 1
e ocip
f 19
g y-gencatlg
942 ## - ADDED ENTRY ELEMENTS (KOHA)
Source of classification or shelving scheme Dewey Decimal Classification
Koha item type Books
Suppress in OPAC No
999 ## -
-- 2766
-- 2766
Holdings
Withdrawn status Lost status Source of classification or shelving scheme Damaged status Not for loan Collection Home library Current library Shelving location Date acquired Total Checkouts Full call number Barcode Date last seen Date last checked out Copy number Price effective from Koha item type Date due
    Dewey Decimal Classification     Juvenile Fiction Footprints International School Library Network Toul Kork Campus Footprints International School Library Network Toul Kork Campus   01/12/2024 1 KOR 813.54 PZ7.K8369 FIS01818 01/23/2024 01/16/2024 1 01/12/2024 Books  
    Dewey Decimal Classification     Juvenile Fiction Footprints International School Library Network Toul Tom Poung Campus Footprints International School Library Network Toul Tom Poung Campus TTP Primary Yellow Bookshelves 03/15/2024 1 KOR 813.54 PZ7.K8369 2024-0346 02/27/2026 02/27/2026 2 03/15/2024 Books 03/13/2026